U.S. States With a Double Letter - Statistics

General Stats
  • This quiz has been taken 64 times
  • The average score is 8 of 9
Answer Stats
Hint Answer % Correct
SS, SS, PP Mississippi
96%
NN Minnesota
95%
NN, SS, EE Tennessee
95%
LL Illinois
91%
II Hawaii
88%
SS, TT Massachusetts
86%
NN Connecticut
81%
SS Missouri
81%
NN Pennsylvania
79%
No matching quizzes found
Score Distribution
Percent of People with Each Score
Percentile by Number Answered
Your Score History
You have not taken this quiz